Elden Ring - Weapon Classes - Statistics

General Stats
  • This quiz has been taken 311 times
  • The average score is 20 of 39
Answer Stats
Answer % Correct
Greatsword
95%
Dagger
90%
Katana
81%
Bow
77%
Hammer
73%
Spear
72%
Axe
71%
Greataxe
68%
Curved Sword
65%
Straight Sword
65%
Fist
64%
Great Hammer
64%
Greatbow
63%
Colossal Weapon
61%
Great Katana
60%
Colossal Sword
57%
Crossbow
57%
Great Spear
57%
Claw
49%
Curved Greatsword
48%
Whip
48%
Twinblade
46%
Flail
45%
Halberd
45%
Thrusting Sword
45%
Light Greatsword
43%
Backhand Blade
38%
Reaper
36%
Perfume Bottle
35%
Heavy Thrusting Sword
34%
Ballista
31%
Glintstone Staff
28%
Hand To Hand
28%
Sacred Seal
26%
Beast Claw
23%
Torch
23%
Light Bow
22%
Thrusting Shield
22%
Throwing Blade
20%
No matching quizzes found
Score Distribution
Percent of People with Each Score
Percentile by Number Answered
Your Score History
You have not taken this quiz